Zboží na cestě od výrobce k zákazníkovi

Rôzne podoby podpory predaja v súčasnosti. Úpravy tovaru predchádzajúce jeho distribúciu - dodatočné úpravy a propagačné balenia výrobkov. Tzv. bundlovanie - balenia viacerých výrobkov za zvýhodnenú cenu. Darčekové balenia výrobkov. Označovanie etiketami.

Salvato in:
Dettagli Bibliografici
Autore principale: Šubrt, Pavel
Altri autori: Dittrich, Roman
Natura: Capitolo di libro
Lingua:ceco
Soggetti:
Tags: Aggiungi Tag
Nessun Tag, puoi essere il primo ad aggiungerne!!

MARC

LEADER 00000naa a2200000 4500
001 r037002
005 20230522102926.5
041 0 |a cze 
044 |a CZ 
245 1 0 |a Zboží na cestě od výrobce k zákazníkovi  |c Pavel Šubrt, Roman Dittrich 
520 |a Rôzne podoby podpory predaja v súčasnosti. Úpravy tovaru predchádzajúce jeho distribúciu - dodatočné úpravy a propagačné balenia výrobkov. Tzv. bundlovanie - balenia viacerých výrobkov za zvýhodnenú cenu. Darčekové balenia výrobkov. Označovanie etiketami. 
610 2 0 |a kampane reklamné 
610 2 0 |a propagácia 
610 2 0 |a podpora predaja 
610 2 0 |a balenie 
610 2 0 |a tovar 
100 1 |a Šubrt, Pavel 
700 1 |a Dittrich, Roman